00437nam a22001457a 450000500170000001000150001702000260003203500140005803700090007208200060008124500700008726000460015727000660020330000220026920250925163344.0 aENG-146861 a9789364686006c399.00 aEN-130393 bDBAD 21 aCUET (UG)-25 Commerce:bAccountancy, Business Studies, Economics/ aUttar PradeshbS. Chand Publishing c2025 aD-92, Sector-2, Noida bUttar Pradeshe201301k61-120-4682700 a297p. c26cm(pb)